000 00729nam a2200181Ia 4500
008 100921s9999 xx 000 0 und d
082 _b39482
_a891.463 न 04
100 _aजयवंत अरविंद.
245 _aबहुरूपी(बहिर्जी नाईक).
260 _bपार्टनर प्रकाशन, मुंबई.
_c2004
300 _a184
_bकलाभारती वितरण,पुणे
365 _b170
520 _aललित-कादंबरी.
630 _aबहुरूपी(बहिर्जी नाईक).
650 _aललित-कादंबरी.
730 _aबहुरूपी(बहिर्जी नाईक).
942 _cBOOK
999 _c788595
_d788592